[Event "16th Open"]
[Site "Ljubljana SLO"]
[Date "2005.07.14"]
[Round "8"]
[White "Paschall,W"]
[Black "Nikolov,Sas"]
[Result "0-1"]
[WhiteElo "2399"]
[BlackElo "2400"]

1.e4 c5 2.Nf3 e6 3.d4 cxd4 4.Nxd4 Nc6 5.Nc3 Qc7 6.g3 a6 7.Bg2 Nf6 8.O-O Be7
9.a4 O-O 10.Nb3 b6 11.f4 d6 12.Qe2 Bb7 13.g4 Rfe8 14.g5 Nd7 15.Be3 Bf8 16.Qf2 Nb4
17.Rfd1 Rac8 18.Rd2 d5 19.e5 Nc5 20.Nd4 Ne4 21.Nxe4 dxe4 22.c3 Nd3 23.Qg3 Red8
24.Rf1 Bc5 25.h4 g6 26.h5 Kf8 27.Qh3 Ke7 28.Qh1 Bxd4 29.cxd4 Qc4 30.Bxe4 Bxe4
31.Qxe4 Nc5 32.Qc2 Nb3 33.Qxc4 Rxc4 34.Rd3 Nxd4 35.Rfd1 Ne2+ 36.Kf2 Rxd3
37.Rxd3 Nxf4 38.Rd6 Nd5 39.Bxb6 Rxa4 40.Bd8+ Ke8 41.hxg6 hxg6 42.Bf6 Nxf6
43.exf6 Ra5 44.Ke3 Rxg5 45.Rxa6 Rb5 46.Ra8+ Kd7 47.Rf8 Kd6 48.Rxf7 Ke5 49.Rf8 Rb3+
50.Kf2 Rxb2+ 51.Kg3 Kf5 52.f7 Rb3+ 53.Kf2 Kf6  0-1

[Event "inAUTOmarket Open"]
[Site "Minsk BLR"]
[Date "2005.07.14"]
[Round "5"]
[White "Litvinov,Vl"]
[Black "Tunik,G"]
[Result "1/2-1/2"]
[WhiteElo "2355"]
[BlackElo "2446"]

1.e4 c5 2.Nf3 e6 3.d4 cxd4 4.Nxd4 Nc6 5.Nc3 Qc7 6.g3 a6 7.Bg2 d6 8.O-O Be7
9.Be3 Nf6 10.h3 Bd7 11.g4 h6 12.f4 Nxd4 13.Qxd4 e5 14.Qd3 Be6 15.Nd5 Bxd5
16.exd5 Nd7 17.f5 Bg5 18.Bf2 Rc8 19.c3 Nf6 20.a4 Qc4 21.Rfd1 Bf4 22.Bh4 Nd7
23.Be4 h5 24.g5 Qxd3 25.Bxd3 Nc5 26.Bc2 a5 27.g6 f6 28.Bf2 Kd7 29.Kg2 Rc7
30.Kf3 Rb8 31.Bxc5 Rxc5 32.Bd3 h4 33.Bb5+ Ke7 34.Ke4 Bg5 35.Ra3 Rbc8 36.Rb3 Kd8
37.Be2 Kc7 38.Rg1 Bf4 39.Rg4 Bg3 40.Rb5 Rxb5 41.Bxb5 Rh8 42.Kf3 Bf4 43.Rg1 Rh5
44.Ke4 Rg5 45.Rxg5 Bxg5  1/2-1/2

[Event "Blitz Match"]
[Site "Prague CZE"]
[Date "2005.07.14"]
[Round "3"]
[White "Movsesian,S"]
[Black "Navara,D"]
[Result "1-0"]
[WhiteElo "2645"]
[BlackElo "2663"]

1.e4 c5 2.Nf3 e6 3.d4 cxd4 4.Nxd4 Nc6 5.Nc3 a6 6.Nxc6 bxc6 7.Bd3 d5 8.O-O Nf6
9.f4 dxe4 10.Nxe4 Qd4+ 11.Nf2 Bc5 12.c3 Qd7 13.Qf3 O-O 14.Be3 Bxe3 15.Qxe3 a5
16.Rad1 Qa7 17.Qxa7 Rxa7 18.Ne4 Nd5 19.Rd2 Ba6 20.Bxa6 Rxa6 21.c4 Ne3 22.Rc1 Rb6
23.b3 h5 24.Kf2 Ng4+ 25.Kg3 Ra8 26.h3 Ne3 27.Kf3 Nf5 28.g4 hxg4+ 29.hxg4 Ne7
30.Rcd1 g6 31.Ng5 a4 32.bxa4 Rxa4 33.Rh1 Rb8 34.Rdh2 Kf8 35.Rh7 Ra3+ 36.Ke4 f5+
37.Ke5 fxg4 38.Nxe6+ Ke8 39.Rh8+ Kd7 40.Rd1+ Nd5 41.Rxb8 Re3+ 42.Kd4 Rxe6
43.cxd5 cxd5 44.Rg1  1-0

[Event "Blitz Match"]
[Site "Prague CZE"]
[Date "2005.07.14"]
[Round "7"]
[White "Movsesian,S"]
[Black "Navara,D"]
[Result "1-0"]
[WhiteElo "2645"]
[BlackElo "2663"]

1.e4 c5 2.Nf3 e6 3.d4 cxd4 4.Nxd4 Nc6 5.Nc3 Qc7 6.Be3 a6 7.Qd2 Nf6 8.O-O-O Bb4
9.f3 Ne7 10.a3 Bxc3 11.Qxc3 Qxc3 12.bxc3 e5 13.Nb3 d5 14.exd5 Nexd5 15.Bd2 Bf5
16.Re1 Nd7 17.c4 Ne7 18.Na5 O-O-O 19.Bb4 Nc6 20.Nxc6 bxc6 21.Bd6 c5 22.Bxe5 Rhe8
23.Bc3 Rxe1+ 24.Bxe1 Kc7 25.Bd3 Bxd3 26.cxd3 Kc6 27.Bc3 Nf8 28.Kc2 Ne6 29.g3 h5
30.Rb1 Rd7 31.Rb8 g6 32.a4 Ng5 33.f4 Nf3 34.a5 Rb7 35.Ra8 Nxh2 36.Rxa6+ Kd7
37.Rf6 Ke7 38.Rc6 Nf1 39.a6 Ra7 40.Be1 Kd7 41.Rf6 Ke7 42.Rb6 Kd8 43.Bf2 Kc7
44.Rf6 Kc8 45.Bxc5 Rc7 46.Bb6 Rd7 47.Rc6+ Kb8 48.a7+ Kb7 49.Rc8  1-0

[Event "57th ch-Montenegro"]
[Site "Cetinje SCG"]
[Date "2005.07.15"]
[Round "8"]
[White "Kontic,D"]
[Black "Krivokapic,M"]
[Result "1-0"]
[WhiteElo "2340"]
[BlackElo "2338"]

1.e4 c5 2.Nc3 Nc6 3.Nge2 e6 4.d4 cxd4 5.Nxd4 a6 6.Bf4 d6 7.Bg3 Nf6 8.Be2 Qc7
9.Qd2 Bd7 10.O-O-O Ne5 11.Kb1 b5 12.a3 Be7 13.f4 Nc4 14.Bxc4 bxc4 15.e5 dxe5
16.fxe5 Nh5 17.Nf5 Bc6 18.Nd6+ Bxd6 19.exd6 Qb7 20.d7+ Bxd7 21.Ne4 Qxe4 22.Qxd7+ Kf8
23.Rhe1 Qg6 24.Qd6+ Ke8 25.Qc6+ Ke7 26.Bh4+  1-0

[Event "27th Open"]
[Site "Oberwart AUT"]
[Date "2005.07.15"]
[Round "7"]
[White "Wittmann,W"]
[Black "Kovacs,Ga2"]
[Result "1/2-1/2"]
[WhiteElo "2365"]
[BlackElo "2449"]

1.e4 c5 2.Nf3 e6 3.d4 cxd4 4.Nxd4 Nc6 5.Nc3 Qc7 6.g3 a6 7.Bg2 d6 8.O-O Bd7
9.Re1 Be7 10.Nxc6 Bxc6 11.Qg4 h5 12.Qe2 h4 13.a4 hxg3 14.hxg3 Rc8 15.a5 Nf6
16.Bf3 e5 17.Bg5 Nd7 18.Be3 Nf6 19.Bg5  1/2-1/2

[Event "Mercosur Cup"]
[Site "Vicente Lopez ARG"]
[Date "2005.07.15"]
[Round "2"]
[White "Mieles Palau,D"]
[Black "Lafuente,P"]
[Result "1/2-1/2"]
[WhiteElo "2476"]
[BlackElo "2435"]

1.e4 c5 2.Nf3 e6 3.d4 cxd4 4.Nxd4 Nc6 5.Nc3 Qc7 6.Be3 a6 7.Qd2 Nf6 8.f3 Bb4
9.a3 Be7 10.g4 h6 11.O-O-O b5 12.Nxc6 dxc6 13.e5 Qxe5 14.Bf4  1/2-1/2

[Event "ACT Open"]
[Site "Amsterdam NED"]
[Date "2005.07.16"]
[Round "1"]
[White "Stellwagen,D"]
[Black "Van der Elburg,F"]
[Result "1-0"]
[WhiteElo "2533"]
[BlackElo "2290"]

1.e4 c5 2.Nf3 e6 3.d4 cxd4 4.Nxd4 Nc6 5.Nc3 Qc7 6.f4 a6 7.Nxc6 Qxc6 8.Bd3 b5
9.e5 Bb7 10.Be4 Qc7 11.Qf3 Bxe4 12.Nxe4 Rd8 13.O-O Be7 14.f5 Qxe5 15.fxe6 f5
16.Ng5 Bc5+ 17.Kh1 dxe6 18.Bf4 Qd5 19.Nxe6 Qxf3 20.Rxf3 Rd5 21.Nc7+  1-0

[Event "ACT Open"]
[Site "Amsterdam NED"]
[Date "2005.07.17"]
[Round "2"]
[White "L'Ami,E"]
[Black "Van der Elburg,F"]
[Result "1-0"]
[WhiteElo "2519"]
[BlackElo "2290"]

1.e4 c5 2.Nf3 e6 3.d4 cxd4 4.Nxd4 Nc6 5.Nc3 Qc7 6.Be3 a6 7.Qd2 Nf6 8.O-O-O Bb4
9.f3 Ne7 10.Nde2 b5 11.g4 h6 12.a3 Ba5 13.b4 Bb6 14.Bxb6 Qxb6 15.Nd4 Bb7
16.h4 Nc6 17.Nb3 Ne5 18.Be2 O-O-O 19.g5 Nh5 20.f4 Nc4 21.Bxc4 bxc4 22.Na5 Qc7
23.Rhf1 Ng3 24.Nxb7 Qxb7 25.Rfe1 hxg5 26.hxg5 f5 27.gxf6 gxf6 28.Qf2 Nh5
29.Rd6 Qc7 30.Red1 Rhg8 31.Kb2 Kb7 32.Na4  1-0

[Event "Politiken Cup"]
[Site "Copenhagen DEN"]
[Date "2005.07.17"]
[Round "3"]
[White "Aabling Thomsen,J"]
[Black "Nielsen,Carl"]
[Result "1-0"]
[WhiteElo "2208"]
[BlackElo "1978"]

1.e4 c5 2.Nf3 Nc6 3.Nc3 e6 4.d4 cxd4 5.Nxd4 a6 6.Be3 Nge7 7.Qd2 Nxd4 8.Bxd4 Nc6
9.O-O-O Nxd4 10.Qxd4 Qg5+ 11.Kb1 Bc5 12.Qa4 O-O 13.h4 Qf6 14.f3 Rb8 15.Qc4 Ba7
16.Qc7 Qd8 17.Qg3 b5 18.e5 f5 19.exf6 Qxf6 20.Ne4 Qf4 21.Qe1 d5 22.Ng5 Rf6
23.Bd3 g6 24.g3 Qe3 25.Qc3 Rf8 26.f4 Qxg3 27.Nxh7 Rxf4 28.h5 g5 29.Qc7 Qe3
30.Qd8+ Kg7 31.h6+  1-0

[Event "Aegean Open"]
[Site "Kirykos GRE"]
[Date "2005.07.17"]
[Round "6"]
[White "Makka,E"]
[Black "Exizoglou,D"]
[Result "0-1"]
[WhiteElo "2093"]
[BlackElo "2189"]

1.e4 c5 2.Nf3 e6 3.d4 cxd4 4.Nxd4 Nc6 5.Nc3 Qc7 6.Be3 a6 7.Na4 b5 8.Nxc6 Qxc6
9.Nb6 Rb8 10.Nxc8 Rxc8 11.Bd3 Nf6 12.Qf3 Bc5 13.Bg5 Be7 14.O-O O-O 15.Qh3 h6
16.Bh4 d6 17.f4 Rfe8 18.Rae1 Nd7 19.Bf2 Bf6 20.c3 a5 21.Bb1 b4 22.cxb4 axb4
23.Re2 Qa6 24.Rd2 Nc5 25.Rfd1 Na4 26.Rxd6 Qxd6 27.Rxd6 Rc1+ 28.Be1 Rxe1+
29.Kf2 Rxb1 30.e5 Rxb2+ 31.Kf1 Rc8 32.Rd1 Be7 33.Qf3 Rcc2 34.Qa8+ Kh7 35.Qe4+ g6
36.g4 Nc3 37.Qxc2 Rxc2 38.Rd7 Bc5 39.Rxf7+ Kg8 40.Rf6 Nxa2 41.Rxg6+ Kf7 42.f5 b3
43.Rf6+ Kg7  0-1

[Event "Politiken Cup"]
[Site "Copenhagen DEN"]
[Date "2005.07.18"]
[Round "4"]
[White "Kargin,A"]
[Black "Korchnoi,V"]
[Result "0-1"]
[WhiteElo "2408"]
[BlackElo "2615"]

1.e4 c5 2.Nf3 e6 3.d4 cxd4 4.Nxd4 Nc6 5.Nc3 d6 6.Be3 Nf6 7.f4 Be7 8.Qf3 e5
9.Nxc6 bxc6 10.f5 d5 11.exd5 Bb4 12.Bc4 Bxc3+ 13.bxc3 Qa5 14.Bg5 Nxd5 15.f6 g6
16.Bxd5 cxd5 17.Qg3 Kd7 18.O-O h6 19.Be3 Ba6 20.Rfd1 Rhe8 21.Bxh6 Rab8 22.Qf2 Bc4
23.a4 Re6 24.Bg5 Rbb6 25.Qh4 Qxc3 26.Qh7 Rxf6 27.Bxf6 Rxf6 28.Qh8 e4 29.Qa8 e3
30.Qxa7+ Ke6 31.Re1 e2 32.Qb6+ Kf5 33.Qf2+ Kg5 34.Qg3+ Qxg3 35.hxg3 Kg4 36.Kh2 Rf1
37.a5 Kf5 38.g4+ Kf4 39.Reb1 Ke3 40.c3 Rxb1 41.Rxb1 Kd2  0-1

[Event "inAUTOmarket Open"]
[Site "Minsk BLR"]
[Date "2005.07.18"]
[Round "9"]
[White "Vovk,Y"]
[Black "Yarmysty,M"]
[Result "1-0"]
[WhiteElo "2435"]
[BlackElo "2347"]

1.e4 c5 2.Nf3 e6 3.d4 cxd4 4.Nxd4 Nc6 5.Nc3 a6 6.Be3 Nge7 7.Nb3 b5 8.Qd2 Na5
9.Bd3 Nc4 10.Bxc4 bxc4 11.Nd4 Bb7 12.O-O-O Nc8 13.f3 Bb4 14.Nde2 f6 15.Nf4 Qc7
16.Kb1 Ba5 17.Rhe1 Bc6 18.Nfd5 Qb7 19.Bc5 Kf7 20.Ne3 Rb8 21.b3 Nb6 22.Bxb6 Qxb6
23.Nxc4 Qc5 24.Nxa5 Qxa5 25.Ne2 Qb6 26.Qd6 Rhc8 27.Nd4 Rb7 28.e5 Bd5 29.Nf5 exf5
30.Qxd5+ Kg6 31.exf6 Qc6 32.Qxc6 dxc6 33.Re7 Rcc7 34.f7  1-0

[Event "inAUTOmarket Open"]
[Site "Minsk BLR"]
[Date "2005.07.18"]
[Round "9"]
[White "Bogachkov,I"]
[Black "Tunik,G"]
[Result "1-0"]
[WhiteElo "2337"]
[BlackElo "2446"]

1.e4 c5 2.Nf3 e6 3.d4 cxd4 4.Nxd4 Nc6 5.Nc3 Qc7 6.Be2 a6 7.Be3 Nf6 8.O-O Bb4
9.Na4 Be7 10.Nxc6 bxc6 11.Nb6 Rb8 12.Nxc8 Qxc8 13.Bd4 c5 14.Bc3 Nxe4 15.Bxg7 Rg8
16.Be5 d6 17.f3 Nf2 18.Rxf2 dxe5 19.b3 c4 20.Kh1 Qc5 21.Qe1 c3 22.Bxa6 Bh4
23.g3 Bg5 24.Bd3 Bd2 25.Rxd2 cxd2 26.Qxd2 h5 27.Qh6 Rd8 28.Qxh5 Qe3 29.Rf1 Rd4
30.Kg2 Ke7 31.Rf2 Rg5 32.Qh8 Rd8 33.Qh4 f6 34.Qb4+ Kf7 35.Qb7+ Kf8 36.Qc6 Ke7
37.Re2 Qa7 38.f4 Rh5 39.Bc4 Rd6 40.Qf3 Rh8 41.fxe5 fxe5 42.Bd3 Rf8 43.Qh5 Rd5
44.a4 Kd8 45.Qh4+ Kc8 46.Qc4+ Kd7 47.Be4 Rd1 48.Qb5+ Kd8 49.Qxe5 Qg1+ 50.Kh3 Rd7
51.Qg5+ Kc8 52.Re3 Rh8+ 53.Kg4 Qd1+ 54.Rf3 Qd4 55.Rf4 Qd6 56.h4 e5 57.Rf6 Qd4
58.Qf5 Kc7 59.Kh3 Rg8 60.Rf7 Rg7 61.Rxd7+ Rxd7 62.h5 Qd6 63.Qg6 Qc5 64.h6 Qg1
65.h7 Qf1+ 66.Kh4  1-0

[Event "ACT Open"]
[Site "Amsterdam NED"]
[Date "2005.07.19"]
[Round "4"]
[White "Erenburg,S"]
[Black "Peng Zhaoqin"]
[Result "1-0"]
[WhiteElo "2595"]
[BlackElo "2405"]

1.e4 c5 2.Nf3 e6 3.d4 cxd4 4.Nxd4 Nc6 5.Nc3 Qc7 6.Be3 a6 7.Qd2 Nf6 8.O-O-O Bb4
9.f3 Ne7 10.Nde2 b5 11.Kb1 Ba5 12.Bf4 Qa7 13.Be5 Bc7 14.Bd4 Bb6 15.g4 Ng6
16.h4 d6 17.h5 Ne5 18.Qg5 Rg8 19.Bxb6 Qxb6 20.Nd4 h6 21.Qh4 Bd7 22.g5 hxg5
23.Qxg5 b4 24.Nce2 Nh7 25.Qh4 Qd8 26.Qg3 Qf6 27.f4 Nc6 28.Nxc6 Bxc6 29.Rxd6 Bxe4
30.Bg2 Qf5 31.Nd4 Qc5 32.Bxe4 Qxd6 33.Rd1  1-0

[Event "Politiken Cup"]
[Site "Copenhagen DEN"]
[Date "2005.07.19"]
[Round "5"]
[White "Olafsson,Thorv"]
[Black "Nordenbaek,J"]
[Result "1/2-1/2"]
[WhiteElo "2131"]
[BlackElo "2246"]

1.e4 c5 2.Nf3 e6 3.d4 cxd4 4.Nxd4 Nc6 5.Nc3 Nf6 6.Ndb5 d6 7.Bf4 e5 8.Bg5 a6
9.Na3 b5 10.Bxf6 gxf6 11.Nd5 f5 12.c3 Bg7 13.exf5 Bxf5 14.Nc2 Be6 15.Nce3 Ne7
16.Nxe7 Qxe7 17.Qf3 e4 18.Qxe4 d5 19.Qf3 b4 20.Be2 bxc3 21.b3 O-O 22.O-O d4
23.Nc2 Bf5 24.Qxf5 Qxe2 25.Rad1 Rfd8 26.Nxd4 Qxd1 27.Rxd1 Rxd4 28.Rxd4 Bxd4
29.Qd7 Bf6 30.Qg4+ Bg7 31.Qd7 Bf6 32.Qg4+ Bg7 33.Qd7 Bf6  1/2-1/2

[Event "GM"]
[Site "Biel SUI"]
[Date "2005.07.20"]
[Round "4"]
[White "Carlsen,M"]
[Black "Volokitin,And"]
[Result "0-1"]
[WhiteElo "2528"]
[BlackElo "2671"]

1.e4 c5 2.Nf3 e6 3.d4 cxd4 4.Nxd4 Nc6 5.Nc3 a6 6.Be3 Nf6 7.g4 h6 8.Bg2 d5
9.O-O Bb4 10.h3 O-O 11.Nde2 Bxc3 12.Nxc3 d4 13.e5 Nxg4 14.Qxg4 dxe3 15.Bxc6 bxc6
16.Ne4 Qc7 17.Nf6+ Kh8 18.Qh5 Rb8 19.Rae1 Rb4 20.Ng4 Kh7 21.fxe3 f5 22.e4 Qb6+
23.Kh1 Qd8 24.Nf2 Rxb2 25.Rg1 Qe8 26.Qh4 Rxc2 27.Rg2 c5 28.Reg1 Rg8 29.Qg3 Bb7
30.Qb3 Bxe4 31.Nxe4 Rxg2 32.Rxg2 fxe4 33.Qb7 Qh5 34.Qxe4+ Qf5 35.Qe3 Rd8
36.Qg3 Rd7 37.Kh2 Qe4  0-1

[Event "Politiken Cup"]
[Site "Copenhagen DEN"]
[Date "2005.07.20"]
[Round "6"]
[White "Nielsen,Ma"]
[Black "Bjornsson,Sv"]
[Result "1/2-1/2"]
[WhiteElo "2244"]
[BlackElo "2054"]

1.e4 c5 2.Nf3 e6 3.d4 cxd4 4.Nxd4 Nc6 5.Nc3 a6 6.Nxc6 bxc6 7.Bd3 d5 8.O-O Nf6
9.Re1 Be7 10.e5 Nd7 11.Na4 O-O 12.c4 f5 13.Qc2 Bb7 14.c5 a5 15.f4 Ba6 16.Bxa6 Rxa6
17.Be3 Rf7 18.Rad1 g5 19.g3 Rg7 20.Kh1 Qe8 21.b3 Ra7 22.Qe2 Qf8 23.Rc1 Rg6
24.Qf2 gxf4 25.gxf4 Kf7 26.Rg1 Ra8 27.Nb2 Qh6 28.Nd3 Bh4 29.Qf3 Rag8 30.Rxg6 hxg6
31.Rg1 Be7 32.Rg2 Rh8 33.Kg1 Qh3 34.Qxh3 Rxh3 35.Rg3 Rh8 36.Rf3 Rh5 37.Rg3 Rh8  1/2-1/2

[Event "MTO Open"]
[Site "Biel SUI"]
[Date "2005.07.21"]
[Round "4"]
[White "Alekseev,Evgeny"]
[Black "Golod,V"]
[Result "1/2-1/2"]
[WhiteElo "2625"]
[BlackElo "2582"]

1.e4 c5 2.Nf3 e6 3.d4 cxd4 4.Nxd4 Nc6 5.Nc3 a6 6.Be2 d6 7.O-O Nf6 8.Be3 Be7
9.a4 Bd7 10.Nb3 b6 11.f4 O-O 12.Bf3 Qc7 13.g4 Bc8 14.g5 Nd7 15.Bg2 Re8 16.Rf3 Na5
17.Nd2 Bb7 18.Rh3 g6 19.Qg4 Rac8 20.Rf1 Nc4 21.Nxc4 Qxc4 22.Rd1 Nf8 23.Qh4 d5
24.Bd4 Bc5 25.Qf2 dxe4  1/2-1/2

[Event "Politiken Cup"]
[Site "Copenhagen DEN"]
[Date "2005.07.21"]
[Round "7"]
[White "Pedersen,Stee"]
[Black "Looijmans,K"]
[Result "0-1"]
[WhiteElo "1930"]
[BlackElo "2191"]

1.e4 c5 2.Nf3 e6 3.d4 cxd4 4.Nxd4 Nc6 5.Nc3 Qc7 6.Be3 a6 7.Bd3 b5 8.O-O Bb7
9.Nb3 Nf6 10.f4 Bb4 11.Qf3 Rc8 12.Qg3 O-O 13.e5 Bxc3 14.bxc3 Nh5 15.Qh4 g6
16.g4 Ng7 17.Nc5 Na5 18.Be4 Ne8 19.Rf3 f5 20.Rh3 Rf7 21.gxf5 exf5 22.Nxb7 fxe4
23.Nxa5 Qxa5 24.Bd4 Qd8 25.Qh6 Qe7 26.Re1 d5 27.exd6 Qxd6 28.Rxe4 Nf6 29.Bxf6 Qxf6
30.Rhe3 Rcf8 31.Qh3 Qf5 32.Qxf5 Rxf5 33.Rf3 Kg7 34.Kf2 R8f7 35.Kg3 Rc7 36.Re6 Rf6
37.Re4 Rfc6 38.a4 Rxc3 39.axb5 axb5 40.Rb4 R7c5 41.Rxc3 Rxc3+ 42.Kh4 Rc5
43.Kg4 Kf6 44.Kf3 Kf5 45.Rb3 h5 46.h4 Kf6 47.Ke4 Ke6 48.Ke3 Kf5 49.Kf3 Kf6
50.Ke3 Ke6 51.Ke4 Rc4+ 52.Kf3 b4 53.Ke3 Kf5 54.Rd3 Re4+ 55.Kd2 Rxf4 56.Rd5+ Ke6
57.Rc5 Rxh4 58.c4 bxc3+ 59.Rxc3 Re4 60.Rc8 Kf5  0-1

[Event "Open A"]
[Site "Pardubice CZE"]
[Date "2005.07.22"]
[Round "1"]
[White "Manik,M"]
[Black "Lerch,P"]
[Result "1-0"]
[WhiteElo "2485"]
[BlackElo "2291"]

1.Nf3 c5 2.e4 Nc6 3.Nc3 e6 4.d4 cxd4 5.Nxd4 Nf6 6.Nxc6 bxc6 7.e5 Nd5 8.Ne4 f5
9.Nd6+ Bxd6 10.exd6 Qa5+ 11.Bd2 Qb6 12.b3 Qd4 13.Be2 Nc3 14.Be3 Qe4 15.Bh5+ g6
16.Qd4 Rg8 17.Qxc3 gxh5 18.f3 Qh4+ 19.g3 Qd8 20.O-O-O Kf7 21.g4 hxg4 22.fxg4 Rxg4
23.Rhg1 Qf6 24.Bd4 Qg5+ 25.Kb2 Ba6 26.h3 Rxg1 27.Rxg1 Qh6 28.Rg7+ Kf8 29.Rxd7 Qh4
30.Bf2  1-0

[Event "Open A"]
[Site "Pardubice CZE"]
[Date "2005.07.22"]
[Round "1"]
[White "Hrbolka,L jr"]
[Black "Kim,Alex"]
[Result "1/2-1/2"]
[WhiteElo "2255"]
[BlackElo "2449"]

1.e4 c5 2.Nf3 e6 3.d4 cxd4 4.Nxd4 Nc6 5.Nc3 Qc7 6.Nxc6 dxc6 7.Bd3 e5 8.O-O Be6
9.Qe2 Bd6 10.Bc4 Qe7 11.Bxe6 Qxe6 12.a4 Nf6 13.a5 O-O 14.Bd2 Rfd8 15.Na4 Rd7
16.c4 Qe7 17.Bg5 Bb4 18.a6 bxa6 19.c5 a5 20.Rad1 Rad8 21.Rxd7 Rxd7 22.Bxf6 Qxf6
23.Rd1 Qd8 24.Rxd7 Qxd7 25.h4 g6 26.h5 Kg7 27.hxg6 hxg6 28.b3 Qd4 29.Qc2 Kf6
30.g3 Ke6 31.Kf1 f5 32.exf5+ gxf5 33.Qc1 f4 34.Qc2 e4 35.gxf4 Kf5 36.f3 Kxf4
37.Qh2+ Kxf3 38.Qh3+ Kf4 39.Qh4+ Kf5 40.Qh5+ Kf4 41.Qh4+ Kf5 42.Qh5+ Kf4  1/2-1/2

[Event "Open A"]
[Site "Pardubice CZE"]
[Date "2005.07.22"]
[Round "1"]
[White "Rivera,D"]
[Black "Vorobiov,E"]
[Result "0-1"]
[WhiteElo "2323"]
[BlackElo "2552"]

1.e4 c5 2.Nc3 e6 3.Nf3 Nc6 4.d4 cxd4 5.Nxd4 Qc7 6.Be2 a6 7.O-O Nf6 8.Be3 Be7
9.f4 d6 10.Kh1 O-O 11.a4 Re8 12.a5 Nxa5 13.e5 dxe5 14.fxe5 Qxe5 15.Bf4 Qc5
16.Na4 Qa7 17.Be3 Nd5 18.Bd3 Nxe3 19.Bxh7+ Kf8 20.Rxf7+ Kxf7 21.Qh5+ Kf8
22.Bg6 Bf6 23.Qh8+ Ke7 24.Qxe8+ Kd6 25.Qf8+ Kc7 26.Qf7+ Kb8 27.Nxe6 b5 28.Qf8 Qe7
29.Qxe7 Bxe7 30.Nb6 Bxe6 31.Nxa8 Kxa8 32.Rxa5 Kb7 33.Be4+ Kb6 34.Ra1 a5 35.Re1 Bc5
36.b4 axb4 37.Ra1 Bf5 38.Bxf5 Nxf5 39.g3 Ne3 40.Ra2 Bd4 41.h3 Kc5 42.Ra7 Kc4
43.Rc7+ Bc5 44.Rxg7 Nxc2 45.Rf7 b3  0-1

[Event "Open A"]
[Site "Pardubice CZE"]
[Date "2005.07.22"]
[Round "1"]
[White "Priborsky,J"]
[Black "Potkin,V"]
[Result "0-1"]
[WhiteElo "2320"]
[BlackElo "2534"]

1.e4 c5 2.Nf3 e6 3.d4 cxd4 4.Nxd4 Nc6 5.Nc3 Qc7 6.Be3 a6 7.Bd3 Nf6 8.O-O b5
9.Nxc6 Qxc6 10.f3 Bb7 11.Qe1 Qc7 12.Kh1 Be7 13.a4 b4 14.Ne2 O-O 15.c3 d5
16.e5 Nd7 17.f4 Nc5 18.Bxc5 Qxc5 19.Rf3 g6 20.Rh3 Rfe8 21.Qd2 Bf8 22.Bc2 Bc8
23.a5 Rb8 24.cxb4 Qxb4 25.Qxb4 Rxb4 26.Rb3 Rxb3 27.Bxb3 Bd7 28.Bc2 Rb8 29.b3 Bc5
30.Bd3 Bb5 31.Rd1 Bxd3 32.Rxd3 Rb5 33.g4 Rxa5 34.f5 Ra2 35.Nd4 Bxd4 36.Rxd4 Re2
37.f6 Rxe5 38.Ra4 g5 39.Rxa6 h6 40.b4 Re4 41.b5 Rxg4 42.b6 Rb4 43.Ra8+ Kh7  0-1

[Event "WYb18"]
[Site "Belfort FRA"]
[Date "2005.07.23"]
[Round "5"]
[White "Jones,G"]
[Black "Vitiugov,N"]
[Result "1/2-1/2"]
[WhiteElo "2442"]
[BlackElo "2519"]

1.e4 c5 2.Nf3 e6 3.d4 cxd4 4.Nxd4 Nc6 5.Nc3 Qc7 6.Be3 Nf6 7.Bd3 a6 8.O-O Nxd4
9.Bxd4 Bc5 10.Bxc5 Qxc5 11.Na4 Qc7 12.c4 d6 13.Nc3 O-O 14.Qd2 Bd7 15.Rae1 Bc6
16.Kh1 Rab8 17.Re3 b5 18.Rg3 g6 19.cxb5 axb5 20.Qg5 Qd8 21.b4 Nd7 22.Qd2 Nf6
23.Qh6 Kh8 24.Rh3 Rg8 25.Re1 Rg7 26.Qg5 Rg8 27.Qh6 Rg7 28.Qg5 Rg8 29.Bf1 Nd7
30.Qd2 Ne5 31.Rd1 Qf6 32.Kg1 Rgd8 33.Qd4 g5 34.Ne2 Rbc8 35.Rc3 d5 36.Qe3 dxe4
37.Rxd8+ Rxd8 38.Rc1 Bd5 39.Qc3 Qg7 40.Qc7 Rg8 41.Nc3 Nd3 42.Bxd3 exd3 43.Nxd5 exd5
44.h3 Qf6 45.Qc3 Qxc3 46.Rxc3 Ra8 47.Rxd3 Rd8 48.Kf1 Kg7 49.Rc3 d4 50.Rc5 d3
51.Ke1 Ra8 52.Rxb5 Rxa2 53.Rxg5+ Kf6 54.Rg3 Re2+ 55.Kd1 Rb2 56.Rxd3 Rxb4
57.Rd5 Rb2 58.Ke1 Kg6 59.g4 Rb1+ 60.Ke2 Rh1 61.Rh5 h6 62.Kf3 Ra1 63.Kg3 Ra3+
64.f3 Rb3 65.Ra5 Rc3 66.Ra6+ Kg7 67.Ra5 Rb3 68.Rf5 Ra3 69.Kh4 Kg6 70.Kg3 Rb3
71.h4 Ra3 72.Rb5 Rc3 73.Rb6+ Kg7 74.Rd6 Ra3 75.Kf4 Ra4+ 76.Kg3 Ra3 77.Rd5 Rb3
78.Kf4 Rb4+ 79.Kf5 Rb3 80.f4 Rh3 81.h5 Ra3 82.g5 Ra6 83.Kg4 Rb6 84.Rf5 Ra6
85.gxh6+ Rxh6 86.Kg5 Ra6 87.Rb5 Rc6 88.Rb7 Ra6 89.h6+  1/2-1/2

[Event "Politiken Cup"]
[Site "Copenhagen DEN"]
[Date "2005.07.23"]
[Round "9"]
[White "Munksgerd,D"]
[Black "Pallesen,J"]
[Result "0-1"]
[WhiteElo "2127"]
[BlackElo "2024"]

1.e4 c5 2.Nf3 e6 3.d4 cxd4 4.Nxd4 Nc6 5.Nc3 a6 6.Be2 Qc7 7.O-O Nf6 8.Be3 Bb4
9.Nxc6 bxc6 10.Na4 d5 11.Bb6 Qb8 12.Bd3 O-O 13.e5 Nd7 14.Bd4 c5 15.Bxh7+ Kxh7
16.Qh5+ Kg8 17.f4 cxd4 18.Rf3 Re8 19.Rh3 Kf8 20.Qg5 f6 21.Rh8+ Ke7 22.exf6+ gxf6
23.Qg7+ Kd8 24.Rxe8+ Kxe8 25.Rf1 Qd6 26.Qg8+ Nf8 27.c3 dxc3 28.bxc3 Bxc3
29.Nxc3 Qc5+ 30.Kh1 Qxc3 31.h4 Ra7 32.Qg4 Rh7 33.Rb1 f5 34.Qg5 Qg7  0-1

[Event "Open A"]
[Site "Pardubice CZE"]
[Date "2005.07.23"]
[Round "2"]
[White "Czarnota,D"]
[Black "Jurek,J"]
[Result "0-1"]
[WhiteElo "2238"]
[BlackElo "2381"]

1.e4 c5 2.Nf3 e6 3.d4 cxd4 4.Nxd4 Nc6 5.Nc3 Qc7 6.Be2 a6 7.O-O Nf6 8.Be3 Be7
9.a4 O-O 10.f4 d6 11.Kh1 Rd8 12.Bd3 Nd7 13.Qh5 Nc5 14.Nxc6 Qxc6 15.Bxc5 Qxc5
16.e5 f5 17.Rae1 Bd7 18.Rf3 g6 19.Rg3 Bf8 20.exd6 Qf2 21.Qe2 Qxe2 22.Rxe2 Rac8
23.Rf3 Kf7 24.Rf1 Bxd6 25.h3 Bf8 26.Ra1 Bc6 27.Kh2 Rd4 28.g3 Rb4 29.Rae1 Bd7
30.Nd1 Rxa4 31.b3 Rd4 32.Bc4 b5 33.Bd3 Bb4 34.Rf1 Bc6 35.Ne3 Be4 36.Ng4 Bxd3
37.Ne5+ Kf6 38.Nxd3 Bc3 39.g4 h6 40.Kg3 Rd5 41.h4 fxg4 42.Kxg4 a5 43.Nf2 h5+
44.Kf3 Kf7 45.Ne4 Bf6 46.Rfe1 Bxh4 47.Ra1 Bd8 48.Nf2 Rc3+ 49.Nd3 Bc7 50.Rae1 Rc6
51.Ra1 Rf5 52.Ne5+ Bxe5 53.Rxe5 Rxc2 54.Rxa5 Rc3+ 55.Re3 Rfc5 56.b4 Rxe3+
57.Kxe3 Rc3+ 58.Ke4 Rc4+ 59.Ke5 Rxb4 60.Ra7+ Kf8 61.Rb7 h4 62.Rh7 Rc4 63.Rxh4 Kg7
64.Kxe6 b4 65.Kd5 Rc8 66.f5 gxf5 67.Rxb4 Kf6 68.Rb6+ Kg5 69.Rb1 Rc3 70.Kd4 Rg3
71.Rb8 Kg4 72.Rg8+ Kf3 73.Rf8 f4 74.Kd3 Kf2+ 75.Kd2 f3 76.Rf7 Kf1 77.Ke3 f2+
78.Kd2 Kg1 79.Ke2 Rg2  0-1

[Event "WYb18"]
[Site "Belfort FRA"]
[Date "2005.07.24"]
[Round "6"]
[White "Deepan,C"]
[Black "Wen Yang"]
[Result "1/2-1/2"]
[WhiteElo "2465"]
[BlackElo "2327"]

1.e4 c5 2.Nf3 Nc6 3.Nc3 e6 4.d4 cxd4 5.Nxd4 Qc7 6.Be3 a6 7.Qd2 Nf6 8.f3 Bb4
9.O-O-O Ne7 10.Nde2 b5 11.Kb1 Ba5 12.a3 h6 13.b4 Bb6 14.Bxb6 Qxb6 15.Qd4 Qc7
16.Qd6 Qxd6 17.Rxd6 Nc6 18.Nc1 Ke7 19.Rd2 d6 20.Be2 Bb7 21.Rhd1 Rhd8 22.Nb3 g5
23.Kb2  1/2-1/2

[Event "MTO Open"]
[Site "Biel SUI"]
[Date "2005.07.24"]
[Round "6"]
[White "Tseshkovsky,V"]
[Black "Kobalia,M"]
[Result "1/2-1/2"]
[WhiteElo "2599"]
[BlackElo "2614"]

1.e4 c5 2.Nf3 e6 3.d4 cxd4 4.Nxd4 Nc6 5.Nc3 a6 6.Nxc6 bxc6 7.Bd3 d5 8.O-O Qc7
9.Re1 Nf6 10.Qf3 Be7 11.e5 Nd7 12.Qg3 Kf8 13.b3 Bb7 14.Na4 c5 15.c4 d4 16.Be4 h5
17.h4 g6 18.Bd2 Kg7 19.Rad1 a5 20.Bxb7 Qxb7 21.Bg5 Bxg5 22.Qxg5 Qc7 23.Rd3 Qd8
24.Qf4 Qe7 25.Rg3 Rab8 26.Rg5 Nb6 27.Nxc5 Qxc5 28.Qf6+ Kg8 29.Rxg6+ fxg6
30.Qxg6+ Kf8 31.Qf6+ Kg8 32.Qxe6+ Kf8 33.Qf6+ Kg8 34.Qg6+ Kf8 35.Qf6+  1/2-1/2

[Event "Open A"]
[Site "Pardubice CZE"]
[Date "2005.07.24"]
[Round "3"]
[White "Biolek,R2"]
[Black "Thorfinnsson,Bj"]
[Result "0-1"]
[WhiteElo "2460"]
[BlackElo "2328"]

1.e4 c5 2.Nf3 Nc6 3.d4 cxd4 4.Nxd4 e6 5.Nc3 a6 6.Be2 Qc7 7.a4 b6 8.O-O Bb7
9.Be3 Nf6 10.Nxc6 Bxc6 11.Qd3 Bb4 12.Qc4 Bd6 13.f4 e5 14.Nd5 Bxd5 15.exd5 exf4
16.Qxc7 Bxc7 17.Bxf4 Bxf4 18.Rxf4 Ke7 19.Re1 Kd6 20.Bc4 Rhe8 21.Rxe8 Rxe8
22.Bxa6 Re4 23.Rxe4 Nxe4 24.Bb5 Nf6 25.c4 Kc5 26.Kf2 Ng4+ 27.Kf3 Ne5+ 28.Ke4 d6
29.b3 Kb4 30.h3 g6 31.g4 f6 32.Be8 Kxb3 33.Bb5 Nxc4 34.Kf4 Nb2 35.h4 Nxa4
36.h5 Nc3 37.hxg6 hxg6 38.Be8 Nxd5+ 39.Kf3 Ne7 40.Ke4 Kc4  0-1

[Event "Open A"]
[Site "Pardubice CZE"]
[Date "2005.07.24"]
[Round "3"]
[White "Sandipan,C"]
[Black "Satyapragyan,S"]
[Result "0-1"]
[WhiteElo "2560"]
[BlackElo "2397"]

1.e4 c5 2.Nf3 e6 3.d4 cxd4 4.Nxd4 Nc6 5.Nc3 Qc7 6.Be3 a6 7.Qd2 Nf6 8.O-O-O Bb4
9.f3 Ne7 10.Nde2 b5 11.Kb1 Ba5 12.Qd4 Nc6 13.Qc5 Bb4 14.Qg5 O-O 15.Qg3 Ne5
16.Bd4 d6 17.f4 Ned7 18.e5 Ne8 19.Ne4 dxe5 20.fxe5 Bb7 21.Ng5 h6 22.h4 Rc8
23.Nc3 Bxc3 24.Bxc3 Nc5 25.Bd3 f5 26.Bb4 Bd5 27.Bxc5 Qxc5 28.Nh3 Qc7 29.Rhe1 Nf6
30.Nf4 Ne4 31.Bxe4 fxe4 32.Nxd5 Qxc2+ 33.Ka1 exd5 34.e6 Rf2 35.Qe5 Rd2 36.Rb1 Qc7
37.Qf5 Rf8 38.Qg6 Qe5 39.h5 a5 40.Rec1 a4 41.e7 Qxe7 42.Qb6 a3 43.Qxb5 Qe5
44.Qb4 axb2+ 45.Rxb2 Rxb2 46.Qxb2 Qxb2+ 47.Kxb2 Rb8+ 48.Ka3 Kf7 49.Rc7+ Kf6
50.Rc6+ Kf5 51.Rd6 Ke5 52.Rd7 e3 53.Rxg7 d4 54.Re7+ Kf4  0-1